| 000 | 00605nam a2200241Ia 4500 | ||
|---|---|---|---|
| 003 | SMC | ||
| 005 | 20170126082846.0 | ||
| 008 | 160418s9999 xx 000 0 und d | ||
| 020 | _a971-8994-1-3-0 | ||
| 050 | _aFIL MT 198 | ||
| 050 | _b.O54 1994 | ||
| 245 | _a100 best songs for the 10 major rhythms in music : | ||
| 245 | _borgan / | ||
| 260 | _aManila : | ||
| 260 | _bSound Pub. Corp., | ||
| 260 | _c1994 | ||
| 300 | _a324 pages : | ||
| 300 | _billustrations ; | ||
| 300 | _c30 cm. | ||
| 650 | _aMusic -- Rhythm -- Organ. | ||
| 650 | _xOrgan -- Study and teaching. | ||
| 942 |
_2lcc _cBK |
||
| 999 |
_c293358 _d293358 |
||